| 000 | 01232nam a22003015i 4500 | ||
|---|---|---|---|
| 999 |
_c28206 _d28177 |
||
| 003 | EG-ScBUE | ||
| 005 | 20200303140917.0 | ||
| 008 | 200219s2018 ua f b 000 0 ara d | ||
| 017 | _a2018 / 2761 | ||
| 020 | _a9789777612746 | ||
| 040 |
_aEG-ScBUE _bara _erda _cEG-ScBUE _dEG-ScBUE |
||
| 082 | 0 | 4 |
_a344.094 _bك ن ا _222 |
| 100 | 1 |
_aكناني، نغم داغر، _eمؤلف. |
|
| 245 | 1 | 2 |
_aالحماية القانونية الدولية للآثار / _cالأستاذة نغم داغر الكناني، ماجستير في القانون الدولي. |
| 250 | _aالطبعة الأولى. | ||
| 264 | 1 |
_aالقاهرة : _bالمركز القومي للإصدارات القانونية ؛ _aالرياض : _bمكتبة المعرفة الرقمية، _c2018. |
|
| 300 |
_a311 صفحة ؛ _c24 سم |
||
| 336 |
_aنص _btxt _2rdacontent |
||
| 337 |
_aبدون وسيط _bn _2rdamedia |
||
| 338 |
_aمجلد _bnc _2rdacarrier |
||
| 504 | _aيشتمل على إرجاعات ببليوجرافية. | ||
| 541 | _aBook Fair, 2020 | ||
| 650 | 7 |
_aالاثار _xقوانين وتشريعات. _2BUEsh |
|
| 650 | 7 |
_aالآثار (قانون دولي) _2BUEsh |
|
| 651 | _2BUEsh | ||
| 653 |
_bLLAAWW _cMarch2020 |
||
| 942 | _2ddc | ||